Pakistan...or India? - Statistics

General Stats
  • This quiz has been taken 6,219 times
    6,217 since last reset
  • The average score is 9 of 15
Answer Stats
Question Answer % Correct
Has nuclear weapons Both
88%
Has green on its flag Both
86%
Has the older constitution India
82%
Has won the Cricket World Cup Both
76%
Has the higher number of Muslims Pakistan
74%
Whose capital is located further north Pakistan
73%
Celebrates Independence Day on 15th August India
72%
Drives on the left side of the road Both
68%
Has no national language India
59%
Has had a female Prime Minister Both
51%
Has at least one active volcano India
51%
Has the largest canal-based irrigation system in the world Pakistan
37%
Has a higher percentage of its population living in urban areas Pakistan
34%
Whose national fruit is mango Both
17%
Has a deep sea port Pakistan
17%
No matching quizzes found
Score Distribution
Percent of People with Each Score
Percentile by Number Answered
Your Score History
You have not taken this quiz since the last reset